000 00600nam a2200193 a 4500
005 20260427163343.0
008 260416s2026##################000#0#eng##
020 _a9780406850621
_qhbk
041 _aeng
082 0 4 _a348.42 ALL.3
100 _aEdgerley,J.T.
245 1 0 _aThe All England Law Reports
_bIncorporating Law Times Reports, Law journal reports 1958
_cEdited by J.T. Edgerley
260 _aUnited Kingdom
_bButterworth & co. LTD.
_c2002
300 _a720p. :
_c22cm.
650 _aLaws, regulations & cases
700 _aChristie, Harold
700 _aKing, Cyril
942 _cENGLISH
999 _c619542
_d619542